| 000 | 00342nam a22001457a 4500 | ||
|---|---|---|---|
| 003 | OSt | ||
| 005 | 20160727222523.0 | ||
| 008 | 160709b xxu||||| |||| 00| 0 eng d | ||
| 040 | _cTEST | ||
| 100 |
_92500 _a Dubey, S.N |
||
| 245 | _aSubbarao.S.N | ||
| 260 |
_aBhopal _b Baiynath Prakashan _c2004 |
||
| 300 | _aSubbarao.S.N | ||
| 942 |
_2ddc _cBK |
||
| 999 |
_c2167 _d2167 |
||